| 000 | 01001nam a2200253 a 4500 | ||
|---|---|---|---|
| 005 | 2009062909349.0 | ||
| 008 | 900126s1989 ii b 001 0 eng | ||
| 010 | _aENG-94285 | ||
| 020 |
_a9788184551457 _c750.00 |
||
| 035 | _aEN-77818 | ||
| 037 | _bDBAD / PUB | ||
| 040 |
_adpl _bEnglish |
||
| 082 | _a324.23 | ||
| 100 | _aNarendra Singh | ||
| 245 |
_aEconomic policies of the Indian political parties / _cby Narendra Singh |
||
| 260 |
_aNew Delhi _bOmega Publications _c2009 |
||
| 270 |
_a4378/4B, J4 JMD House, Murari Lal Street, Ansari Road, Daryaganj _bNew Delhi _e110002 |
||
| 300 |
_av, 320p. _c23cm(Hb) |
||
| 500 | _aIncludes bibliographical references | ||
| 650 |
_aPolitical parties _zIndia _xPlatforms. |
||
| 651 |
_aIndia _xEconomic policy _y1947- |
||
| 942 |
_2ddc _cEN _mNAR _h324.23 |
||
| 999 |
_c27962 _d27962 |
||